Statistics for every water type move in pokémon

Click here to take the quiz!

General Stats

  • This quiz has been taken 3 times
  • The average score is 20 of 53

Answer Stats

move% Correct
Aqua Ring
100%
Bubble
100%
Hydro Cannon
100%
Rain Dance
100%
Surf
100%
Waterfall
100%
Water Pulse
100%
Aqua Jet
50%
Aqua Step
50%
Aqua Tail
50%
Brine
50%
Bubble Beam
50%
Dive
50%
G-Max Cannonade
50%
Hydro Pump
50%
Hydro Steam
50%
Hydro Vortex
50%
Muddy Water
50%
Origin Pulse
50%
Razor Shell
50%
Scald
50%
Snipe Shot
50%
Soak
50%
Sparkling Aria
50%
Splishy Splash
50%
Steam Eruption
50%
Water Gun
50%
Water Shuriken
50%
Water Sport
50%
Water Spout
50%
Whirlpool
50%
Withdraw
50%
Aqua Cutter
0%
Bouncy Bubble
0%
Chilling Water
0%
Clamp
0%
Crabhammer
0%
Fishious Rend
0%
Flip Turn
0%
G-Max Foam Burst
0%
G-Max Hydrosnipe
0%
G-Max Rapid Flow
0%
G-Max Stonesurge
0%
Jet Punch
0%
Life Dew
0%
Liquidation
0%
Max Geyser
0%
Oceanic Operetta
0%
Octazooka
0%
Surging Strikes
0%
Triple Dive
0%
Water Pledge
0%
Wave Crash
0%

Score Distribution

Percentile by Number Answered

Percent of People with Each Score

Your Score History

You have not taken this quiz